000 00514cam a22001337a 4500
008 180718b1976 xxu||||| |||| 00| 0 eng d
082 _aG19x54 In2
245 _aReport of Committee Appointed to Investigate the conduct and Activities of Shri Subramanian Swamy, Member of the Rajya Sabha
_cby Rajya Sabha Secretariat
260 _aNew Delhi
_bRajya Sabha Secretariat
_c1976
300 _a43+p
500 _aChairman: Godey Murahari
700 _aMurahari, Godey (Chairman)
700 _aIndia. Rajya Sabha Secretariat
999 _c491462
_d491462